000 00306nam a2200121Ia 4500
008 190216s9999||||xx |||||||||||||| ||und||
100 _aSamuel Glasstone
245 0 _aText Book Of Physical Chemistry
260 _bMacmillan India Ltd
_c1976
300 _a1320p
650 _aChemistry-Chemistry
942 _cBK
999 _c2536
_d2536